01019 am a22002895a 4500001001000000003000400010005001700014008004100031020001800072020001500090040004300105082001900148100002900167245006200196250003100258260005400289300003500343500002700378504005100405650003300456651001000489653002200499700003100521942000800552999001700560952015200577016088415OSt20170426144835.0120423t2013 njua frbd 001 0 eng d a9780133041705 a0133041700 aUkOxUbengcUkOxUdUkOxUdUkdEG-ScBUE04222a338.5bPIN1 aPindyck, Robert S.9906610aMicroeconomics /cRobert S. Pindyck, Daniel L. Rubinfeld. a8th ed., International ed. aUpper Saddle River :bPearson Education,cc.2013. axxiv, 743 p. :bill. ;c26 cm. aGlossary : p. 708-717. aIncludes bibliographical references and index. 7aMicroeconomics.2BUEsh95599 2BUEsh bLLAAWWcApril20171 aRubinfeld, Daniel L.99068 2ddc c24716d24688 00102ddc40708Scien G.aMAINbMAINc1STd2017-04-26ePurchaseg500.00h666l1o338.5 PINp000041710r2025-07-15 00:00:00s2019-11-02v265.00yBB